This gift is mine / (Record no. 4601)
[ view plain ]
| 000 -LEADER | |
|---|---|
| fixed length control field | 00673nam a2200253 a 4500 |
| 001 - CONTROL NUMBER | |
| control field | 10547 |
| 003 - CONTROL NUMBER IDENTIFIER | |
| control field | GBCCL |
| 005 - DATE AND TIME OF LATEST TRANSACTION | |
| control field | 20241126110522.0 |
| 008 - FIXED-LENGTH DATA ELEMENTS--GENERAL INFORMATION | |
| fixed length control field | 740919s1974 tnu 00010 eng |
| 010 ## - | |
| -- | 73093907 |
| 020 ## - INTERNATIONAL STANDARD BOOK NUMBER | |
| International Standard Book Number | 0805452230 (pbk.) |
| 035 ## - SYSTEM CONTROL NUMBER | |
| System control number | OCM01056625 |
| 040 ## - CATALOGING SOURCE | |
| Original cataloging agency | DLC |
| Transcribing agency | DLC |
| Modifying agency | m.c. |
| -- | LBB |
| 049 ## - | |
| -- | LBBK |
| 050 0# - | |
| -- | BT767.3 |
| -- | .N44 |
| 082 ## - DEWEY DECIMAL CLASSIFICATION NUMBER | |
| Classification number | 234.13 |
| Item number | NEI |
| 092 ## - LOCALLY ASSIGNED DEWEY CALL NUMBER (OCLC) | |
| Classification number | 234.13 |
| Item number | N397 |
| 100 10 - MAIN ENTRY--PERSONAL NAME | |
| Personal name | Neighbour, Ralph Webster, |
| Dates associated with a name | 1929- |
| 9 (RLIN) | 6254 |
| 245 10 - TITLE STATEMENT | |
| Title | This gift is mine / |
| Statement of responsibility, etc. | Ralph W. Neighbour, Jr. |
| 260 0# - PUBLICATION, DISTRIBUTION, ETC. | |
| Place of publication, distribution, etc. | Nashville : |
| Name of publisher, distributor, etc. | Broadman Press, |
| Date of publication, distribution, etc. | c1974. |
| 300 ## - PHYSICAL DESCRIPTION | |
| Extent | 122 p. ; |
| Dimensions | 19 cm. |
| 650 #0 - SUBJECT ADDED ENTRY--TOPICAL TERM | |
| Topical term or geographic name entry element | Gifts, Spiritual. |
| 9 (RLIN) | 664 |
| 942 ## - ADDED ENTRY ELEMENTS (KOHA) | |
| Source of classification or shelving scheme | Dewey Decimal Classification |
| Koha item type | Books |
| Koha issues (borrowed), all copies | 1 |
| Withdrawn status | Lost status | Source of classification or shelving scheme | Damaged status | Not for loan | Home library | Current Library | Shelving location | Date acquired | Total checkouts | Full call number | Barcode | Date last seen | Date last checked out | Copy number | Price effective from | Koha item type |
|---|---|---|---|---|---|---|---|---|---|---|---|---|---|---|---|---|
| Dewey Decimal Classification | GRACE BIBLE COLLEGE | GRACE BIBLE COLLEGE | Theology | 2018-01-25 | 1 | 234.13 NEI | 008489 | 2025-05-01 | 2022-09-28 | c.1 | 2018-01-25 | Books |